Top 15 Länder mit Covid-19-Todesfällen - 24. November 2021 - Statistiken

Allgemein
  • Dieses Quiz wurde 17 mal gespielt
  • Das Durchschnittsergebnis liegt bei 13 aus 26
Antwortstatistiken
Land % Korrekt
Vereinigte Staaten
93%
Deutschland
87%
Brasilien
80%
Indien
80%
Italien
80%
Frankreich
73%
Mexiko
73%
Russland
73%
Vereinigtes Königreich
67%
Argentinien
60%
Iran
53%
Kolumbien
53%
Indonesien
47%
Südafrika
47%
Slowakei
40%
Tschechien
40%
Ungarn
40%
Peru
33%
Bulgarien
27%
Kroatien
27%
Litauen
27%
Rumänien
27%
Bosnien und Herzegowina
20%
Georgien
20%
Nordmazedonien
20%
Armenien
13%
Keine übereinstimmenden Quizze gefunden
Verteilung der Resultate
Anzahl Personen mit jedem Resultat
Perzentil nach korrekt beantworteten Fragen
Ihre Resultats-Entwicklung
Sie haben dieses Quiz noch nicht gespielt